000
00293nam a22001337a 4500
008
181019b xxu||||| |||| 00| 0 eng d
020
_a
9780060165741
041
_a
eng
080
_a
941
100
_a
17
101
_a
HIS
245
_a
The Birth of the Modern
_c
Johnson, P
942
_2
udc
_c
BK
999
_c
50266
_d
50266